Hodnotíme účastníkov jesennej časti Corgoň ligy 2003/2004 4. miesto - Spartak Trnava

Bibliographic Details
Format: Article
Language:Slovak
ISSN:0139-7001
Subjects:

MARC

LEADER 00000nab a2200000 a 4500
001 vtls000857000
003 SK-MaSNL
005 20260304000619.0
008 040806c2003 xo 0 slo
015 |a SNBRB2003/12-37298 
035 |a CLN000208654 
040 |a SNKBUCL  |b slo  |c SNKBUCL  |e AACR2 
041 0 |a slo 
044 |a xo  |c SK 
080 |a 796.332.093.1  |2 UDC-MRF-SK2 
245 0 0 |a Hodnotíme účastníkov jesennej časti Corgoň ligy 2003/2004  |b 4. miesto - Spartak Trnava 
610 2 7 |a FC Spartak Trnava  |2 snkbucl  |9 167760 
650 0 7 |a futbal  |x liga 1.  |x časť jesenná  |x miesto 3.  |y sezóna 2003/2004  |2 snkbucl  |9 875290 
655 7 |a články z novín a časopisov  |2 snkbucl  |9 267496 
773 0 |x 0139-7001  |t Šport  |g Roč. 57, č. 284 (11.12.2003), s. 10 
850 |a Slovenská národná knižnica v Martine 
852 |a SNK  |b KIS3GCP 
999 |c 2532007  |d 2533937